स्मृतियों में आचारःआधुनिक भारत के संदर्भ में (Record no. 7219)

MARC details
000 -LEADER
fixed length control field 01074 a2200205 4500
005 - DATE AND TIME OF LATEST TRANSACTION
control field 20080916110438.0
008 - FIXED-LENGTH DATA ELEMENTS--GENERAL INFORMATION
fixed length control field 080916t xxu||||| |||| 00| 0 hin d
010 ## - LCCN (DPL NO)
LC control number HIN-80879
020 ## - INTERNATIONAL STANDARD BOOK NUMBER
Terms of availability 500.00
International Standard Book Number 8185599750
035 ## - SYSTEM CONTROL NUMBER
System control number HN-53225
037 ## - SOURCE OF ACQUISITION
Source of stock number/acquisition D.B.Act / pub
082 ## - DEWEY DECIMAL CLASSIFICATION NUMBER
Classification number 170
100 ## - MAIN ENTRY--PERSONAL NAME
Personal name गुप्ता, रेणु
245 ## - TITLE STATEMENT
Title स्मृतियों में आचारःआधुनिक भारत के संदर्भ में
Statement of responsibility, etc रेणु गुप्ता
260 ## - PUBLICATION, DISTRIBUTION, ETC. (IMPRINT)
Place of publication, distribution, etc जम्मू
Name of publisher, distributor, etc याक पब्लिशिंग चैनल
Date of publication, distribution, etc 2007
270 ## - ADDRESS
Address पोसेट बाक्स नं. 130, पक्का डंगा, बड़ा बेहड़ा
City जम्मू
Postal code 180001
300 ## - PHYSICAL DESCRIPTION
Extent 219पृ
Dimensions 22 सेमी (सजिल्द)
942 ## - ADDED ENTRY ELEMENTS (KOHA)
Institution code [OBSOLETE] dpl
Item type Hindi Books
Call number prefix 170 / गुप्तारे
Source of classification or shelving scheme Dewey Decimal Classification
Classification part 170
Call number suffix गुप्तारे
Holdings
Withdrawn status Lost status Source of classification or shelving scheme Damaged status Not for loan Home library Current library Date acquired Cost, normal purchase price Total Checkouts Full call number Barcode Date last seen Copy number Cost, replacement price Koha item type
    Dewey Decimal Classification     D.B.Act.Division D.B.Act.Division 16/09/2008 500.00   170 गुप्तारे HN-53225 15/09/2008 1 500.00 Hindi Books

© Delhi Public Library
Hit Counter
free hit counter